| 000 | 01031nam a22002537a 4500 | ||
|---|---|---|---|
| 005 | 20170124103012.0 | ||
| 010 | _aB-066929 | ||
| 020 | _c120.00 | ||
| 035 | _aB-066929 | ||
| 037 | _bCen Lib/Ret | ||
| 040 |
_aDPL _bHN |
||
| 082 |
_aउ _bजोशीह |
||
| 100 |
_aजोशी, हरि _957815 |
||
| 245 |
_aटोपी टाइम्स : _cहरि जोशी _bव्यंग्य उपन्यास / |
||
| 246 |
_aTopi times : vyangya upanyas / _bby Hari Joshi |
||
| 260 |
_aदिल्ली _bकृति प्रकाशन _c2000 |
||
| 270 |
_a4/32, सुभाष गली, विश्वास नगर, शाहदरा _b नयी दिल्ली _e110032 |
||
| 300 |
_a135पृ. _c20सेमी(सजिल्द ) |
||
| 650 |
_aहिंदी साहित्य _x _z _957816 |
||
| 650 |
_aहिंदी उपन्यास _957817 |
||
| 650 |
_aHindi literature _v _957818 |
||
| 650 |
_aHindi fiction _927248 |
||
| 942 |
_2ddc _cHN _hउ _mजोशीह |
||
| 999 |
_c114676 _d114676 |
||